Movies Quiz

Random Movies or Letter Quiz

Fake Movie Sequels 2: the sequel Quiz Stats

 Plays Quiz not verified by Sporcle

Support Sporcle.
Go Orange.
Score 0/15 Timer 10:00
0 Plays Today
Clues Movie Sequel % Correct
Pilots start a boxing group than no one is allowed to talk aboutFlight Club
79.8%
A newspaper magnate names his beloved walking stick 'Rosewood'Citizen Cane
71.9%
Axel Foley returns to 90210 to open a KinkosBeverly Hills Copy
61.4%
DiCaprio investigates an asylum but can't get out the words that he is not a patientStutter Island
61.4%
This Scorsese winner has Boston mobsters getting sent back to IrelandThe Deported
56.1%
A gritty cop saves people from terrorists in an office building and loses a ton of weightDiet Hard
54.4%
An intense drill sergeant prepares young athletes for WimbledonFull Metal Racket
37.7%
3 friends skip the dude ranch and decide to do nothingCity Slackers
33.3%
Clues Movie Sequel % Correct
This Michael Douglas remake features babies in an affair with violent resultsFetal Attraction
26.3%
De Niro bounty hunts Grodin's puppy that is not exactly the pick of the litterMidnight Runt
22.8%
Doughboy, Ricky, and Trey return in this sequel set in the forestBoyz in the Wood
17.5%
A sadistic doctor sews people together to perfect this Asian cuisineThe Hunan Centipede
16.7%
Dr. Lecter tries to get the animals to speak in poetic verse The Silence of the Iambs
16.7%
Astronauts return from the red planet and drink to forget their troublesMission to Bars
14.9%
This silent film features a man who returns to Jersey for a funeral, meets a girl and just looks at herGarden Stare
4.4%

You're not logged in!

Compare scores with friends on all Sporcle quizzes.
OR
Log In

From the Vault

Country Names in Neighboring Languages

by beforever

Luckily none of these neighbors play their music too loud like mine do.
Remove Ads.
Support Sporcle.
Get the best of Sporcle when you Go Orange. This ad-free experience offers more features, more stats, and more fun while also helping to support Sporcle. Thank you for becoming a member.

Show Comments

Extras

Created Mar 6, 2011ReportNominate
Tags:Letter Quiz, fake, Switched

Top Quizzes Today


Score Distribution

Your Account Isn't Verified!

In order to create a playlist on Sporcle, you need to verify the email address you used during registration. Go to your Sporcle Settings to finish the process.

Report this User

Report this user for behavior that violates our Community Guidelines.

Details: